000
00341nam a22001457a 4500
008
221202b ||||| |||| 00| 0 eng d
020
_a
9781558106994
041
_a
eng
080
_2
2ND EDITION
_a
32
082
_a
32ANA
100
_a
32.1
101
_a
JURE
245
_a
FORENSIC NURSING
_c
AMERICAN NURSES ASSOCIATION
942
_2
udc
_c
BK
999
_c
59078
_d
59078